00902nam a2200217 a 450000100060000000300080000600500170001400800410003103500190007204000350009104100080012608200290013410000230016324501750018626000790036130000370044050200850047750400340056265000540059670000340065083416BD-RjUL20240320100841.0240320s2006 bg a|||| m||| 00| 0 eng d a(BD-RjUL)83416 aBD-RjULbengcBD-RjULdBD-RjUL aeng 223a382.095492bASG 2006 aAshraf, Nabi Maruf10aGrowth and Diversification of Foreign Trade :bImpact on the Performance of External Sector of Bangladesh Economy /cBy Nabi Maruf Ashraf ;6Supervisor : M. Zainul Abedin aRajshahi :bInstitute of Bangladesh Studies, University of Rajshahi,c2006 axv, 301 Leaves :bill, ;c29 cm. aThesis (Ph. D.) -- Institute of Bangladesh Studies, University of Rajshahi, 2006 aBibliography : Leaves 283-301 aInternational CommercevForeign TradezBangladesh aAbedin, M. Zainul, Supervisor